000 00683nam a22002057a 4500
005 20251108164310.0
008 250721s1983 xx 000 0 ara d
082 1 4 _a355.20943/دوب
100 1 _aدوبوى، ت . ن
245 1 0 _aعباقرة الحرب :
_bالجيش و الأركان العامة في المانيا 1807 - 1945 /
264 1 _aبيروت :
_bالمؤسسة العربية للدراسات والنشر،
_c1983.
300 _a500ص
650 1 7 _aالحرب
650 1 7 _aالمانيا
650 1 7 _aالتاريخ الحربي
650 1 7 _aالقوات المسلحة
700 1 _aحسن، حسن
_eترجمة
942 _2ddc
_cBK
999 _c8685
_d8685